Ley de reforma educativa: ley N§ 1565, 7 de julio de 1994
Saved in:
| Hovedforfatter: | |
|---|---|
| Format: | Bog |
| Sprog: | spansk |
| Udgivet: |
Cochabamba
Serrano
1996
|
| Fag: | |
| Tags: |
Tilføj Tag
Ingen Tags, Vær først til at tagge denne postø!
|
MARC
| LEADER | 00000nam a2200000 a 4500 | ||
|---|---|---|---|
| 001 | UCK9323 | ||
| 003 | CL-VaPUC | ||
| 008 | 060428e19960000BO |||||||||||||||||spa|d | ||
| 082 | 0 | 4 | |a 379.84 |b SER |2 21 |
| 100 | 0 | |a Serrano Torrico, Servando |e author |9 499049 | |
| 245 | 1 | 0 | |a Ley de reforma educativa: ley N§ 1565, 7 de julio de 1994 |
| 300 | |a 621 p | ||
| 942 | |c BK | ||
| 945 | |d 20060428 00:00:00 |a cmena | ||
| 260 | |a Cochabamba |b Serrano |c 1996 | ||
| 650 | 7 | |a REFORMA DE LA EDUCACION |2 CL-VaPUC |9 333471 | |
| 650 | 0 | |a Calidad de la educación |9 307271 | |
| 650 | 0 | |a Política gubernamental |9 262286 | |
| 651 | 0 | |a Bolivia |9 255454 | |
| 583 | |a last modification |c 20060428 00:00:00 |k Rodrigo Vera | ||
| 999 | |c 316539 |d 316537 | ||
| 952 | |0 0 |1 0 |4 0 |6 379_840000000000000_SER_1996 |7 0 |8 P |9 390986 |a BIBEDU |b BIBEDU |c BIBEDU_PB |d 2019-11-22 |i 4224752 |o 379.84 SER 1996 |p 4224752 |r 2024-01-25 |w 2019-11-22 |y BK |k EDU | ||